000 00611nam a2200229Ia 4500
003 OSt
005 20221006152001.0
006 a|||||r|||| 00| 0
007 ta
008 221006b |||||||| |||| 00| 0 eng d
024 _a24,129
037 _bGift, PRC
_cTextual
040 _aEASL
_cEASL
_beng
041 _2eng
_aeng
082 _aP41:291, 111H7
100 _aWENG Bron S J
_9660473
245 0 _aHow to write good composition
260 _aHong Kong
_c1947
300 _ap.
_ccm.
942 _hP41:291, 111H7
_cTEXL
_2CC
999 _c1092215
_d1092215